Biblioteca

Jesús en sus palabras y en su tiempo / David Flusser ; Joaquín Losada, Prólogo ; José Corell, Traductor (Registro nro. 34365)

Detalles MARC
000 -LÍDER
Campo fijo de descripción fija 006670000a22002050004500
020 ## - NÚMERO INTERNACIONAL NORMALIZADO PARA LIBROS
Número Internacional Normalizado del libro 84-7057-181-8
041 0# - CÓDIGO DE IDIOMA
Código de idioma para texto/pista de sonido o título separado
082 04 - NÚMERO DE CLASIFICACIÓN DECIMAL DEWEY
Número de clasificación G 232.9 F647j
001 - NÚMERO DE CONTROL
Campo de control 3726
100 1# - ASIENTO PRINCIPAL--NOMBRE PERSONAL
Nombre personal Flusser, David (1917-)
245 10 - TÍTULO
Título del Material Jesús en sus palabras y en su tiempo / David Flusser ; Joaquín Losada, Prólogo ; José Corell, Traductor
260 ## - PUBLICACIÓN, DISTRIBUCIÓN, ETC. (PIE DE IMPRENTA)
Lugar de publicación, distribución, etc. Madrid, España : Cristiandad
300 ## - DESCRIPCIÓN FÍSICA
Extensión 164 Pag
336 ## - CONTENT TYPE
Content type term texto
Content type code txt
Source rdacontent
337 ## - MEDIA TYPE
Source rdamedia
Media type term sin mediación
Media type code n
338 ## - CARRIER TYPE
Source rdacarrier
Carrier type term volumen
Carrier type code nc
500 ## - NOTA GENERAL
Nota General Título original : Jesus in selbstzugnissen
650 14 - ASIENTO SECUNDARIO DE MATERIA - TERMINO TEMÁTICO
Término temático o nombre geográfico como elemento de entrada JESUCRISTO - BIOGRAFIAS \ ARQUEOLOGIA BIBLICA N.T. - EVANGELIOS
942 ## - TIPO DE MATERIAL (KOHA)
Tipo de Item KOHA Libros General
Existencias
Estado de Material Estado de Perdido Estado de Dañado No para Préstamo Colección Tomo Biblioteca de Origen Biblioteca Permanente Fecha de Adquisición Total de Préstamos Signatura Topográfica Código de Barras Última vez visto Ejemplar/Existencia Fecha de Remplazo Tipo de Material
        Colección General   Biblioteca FUSBC Biblioteca FUSBC 02/12/2004   G 232.9 F647j 3232 12/12/2019 1 26/01/2016 Libros General

Biblioteca FUSBC | Teléfono: (57+4) 349 88 10 Ext. 141| WhatsApp (+57) 3005338115 
E-mail: biblioteca@unisbc.edu.co | Calle 76 87-14 Robledo Palenque, Medellín, Colombia

Con tecnología Koha